000
00293nam a22001217a 4500
008
230704b xxu||||| |||| 00| 0 eng d
082
_a
340
_b
CHK
100
_c
V.M Chkhilvadze
245
_a
the Soviet State and law
260
_a
Moscow
_b
progress publishers
300
_a
333p
942
_2
ddc
_c
BK
999
_c
3645
_d
3645